| 000 | 00791nam a22001937a 4500 | ||
|---|---|---|---|
| 999 |
_c149201 _d149201 |
||
| 005 | 20230712144526.0 | ||
| 010 | _aUR-10018 | ||
| 020 |
_c150.00 _a- |
||
| 035 | _aU-8573 | ||
| 037 | _bDBAD/PUB | ||
| 082 | _a844.08 | ||
| 100 | _aمحمد عبا س ا نصا ر ی سکند ر | ||
| 245 |
_a مضا مین سکند ر حمید حصہ ہفتم / _cمحمد عبا س ا نصا ر ی سکند ر |
||
| 246 |
_bMazameen Sikender Hamid(Vol.7) / _aby Mohd. Abbas Ansari Sikender |
||
| 260 |
_aHyderabad _bAtiyab Publishing House _c2016 |
||
| 270 |
_a3-4-213.Kachi GorahStation Road, _bHyderabad _e500027 _k9949204759 _l- |
||
| 300 |
_a155 ص _c22cm(Hb) |
||
| 942 |
_2ddc _cUR _h844.08 _mع ب ا |
||